[Event "AUTO-INT-3887"]
[Site "http://www.queenalice.com/game.php?id=1846437"]
[Date "2024.10.31"]
[Round "2"]
[White "Erlofabr"]
[Black "Danado"]
[Result "1-0"]
[WhiteElo "1682"]
[BlackElo "1640"]

1. Nf3 d6 2. d4 d5 3. c4 dxc4 4. e4 e5 5. Nxe5 Be6 6. d5 Bd7 7. Bxc4 Qf6 8. f4
c6 9. dxc6 bxc6 10. Nxf7 Bb4+ 11. Bd2 Qxb2 12. Bc3 Bxc3+ 13. Nxc3 Qxc3+ 14. Kf2
Qxc4 15. Nd6+ Kd8 16. Rc1 Qe6 17. Nb7+ Kc7 18. Nc5 Qxa2+ 19. Rc2 Qf7 20. f5 Nf6
21. e5 Bxf5 22. Rb2 Ng4+ 23. Kg3 Kc8 24. Nb7 Qg6 25. Nd6+ Kd8 26. Nf7+ Ke7 27.
Nxh8 Ne3+ 28. Nxg6+ 1-0

[Event "AUTO-INT-3887"]
[Site "http://www.queenalice.com/game.php?id=1846438"]
[Date "2024.10.31"]
[Round "2"]
[White "Danado"]
[Black "Erlofabr"]
[Result "1-0"]
[WhiteElo "1651"]
[BlackElo "1700"]

1. e4 Nc6 2. Nc3 e5 3. Bc4 Nf6 4. Qf3 d5 5. exd5 Nd4 6. Qd3 Bf5 7. Qg3 Nxc2+ 8.
Kd1 Nxa1 9. Qxe5+ Be6 10. dxe6 Bd6 11. exf7+ Kf8 12. Qe3 Ng4 13. Qd4 c5 14. Qxg4
g6 15. b3 h5 16. Qxg6 Be5 17. Nge2 Bg7 18. Nf4 Rh6 19. Ne6+ Ke7 20. Qxg7 Rf6 21.
f8=Q# 1-0

[Event "AUTO-INT-3887"]
[Site "http://www.queenalice.com/game.php?id=1846439"]
[Date "2024.10.31"]
[Round "2"]
[White "Erlofabr"]
[Black "NickThorp"]
[Result "1-0"]
[WhiteElo "1706"]
[BlackElo "1546"]

1. Nf3 d5 2. d4 Nc6 3. Nc3 Nf6 4. Bf4 Bf5 5. Nb5 Rc8 6. c4 dxc4 7. d5 Nxd5 8.
Bg3 e6 9. Qa4 a6 10. Na7 Rb8 11. Nxc6 bxc6 12. Qxc6+ Qd7 13. Qxc4 Bd6 14. Ne5
O-O 15. e4 Bxe5 16. Bxe5 Bg6 17. O-O-O Rb5 18. exd5 exd5 19. Qd4 Qc6+ 20. Bc4
dxc4 21. Bxg7 Re8 22. Bh6 Rbe5 23. f4 Re4 24. Qg7# 1-0

[Event "AUTO-INT-3887"]
[Site "http://www.queenalice.com/game.php?id=1846440"]
[Date "2024.10.31"]
[Round "2"]
[White "NickThorp"]
[Black "Erlofabr"]
[Result "0-1"]
[WhiteElo "1537"]
[BlackElo "1696"]

1. e4 d6 2. d4 f5 3. Nc3 Nf6 4. Bg5 Nxe4 5. Nxe4 fxe4 6. Qe2 Nc6 7. Qxe4 g6 8.
Bb5 h6 9. Be3 Rg8 10. Bxc6+ bxc6 11. Qxc6+ Bd7 12. Qd5 e6 13. Qf3 Rb8 14. O-O-O
d5 15. a3 c6 16. Ne2 g5 17. h3 Qb6 18. b3 Qa5 19. a4 e5 20. dxe5 Ba3+ 21. Kb1
Qxa4 22. Nc3 Rxb3+ 23. cxb3 Qxb3+ 24. Ka1 Qb2# 0-1

[Event "AUTO-ADV-4838"]
[Site "http://www.queenalice.com/game.php?id=1850042"]
[Date "2025.1.9"]
[Round "1"]
[White "Carlos19"]
[Black "Erlofabr"]
[Result "1-0"]
[WhiteElo "1696"]
[BlackElo "1600"]

1. e4 e5 2. Nf3 f5 3. Nxe5 fxe4 4. Nc4 Nf6 5. Nc3 d5 6. Ne5 Qe7 7. Ng4 Bxg4 8.
Be2 d4 9. h3 Bh5 10. Bxh5+ g6 11. Be2 d3 12. O-O dxe2 13. Qxe2 g5 14. Re1 Bg7
15. Qc4 a6 16. d3 b5 17. Qb3 Nc6 18. Nd5 Qd7 19. Nxf6+ Bxf6 20. Rxe4+ Be5 21.
Bxg5 Rf8 22. g3 Qxh3 23. Rh4 Qf5 24. Be3 Bd4 25. Rf4 Qc5 26. Qe6+ Ne7 27. Rxf8+
Kxf8 28. Bxd4 Qxd4 29. Rb1 Re8 30. Qxa6 Qe5 31. Qh6+ Qg7 32. Qxg7+ Kxg7 33. Re1
Kf7 34. b4 Ra8 35. Ra1 Nc6 36. c3 Ne5 37. d4 Ng4 38. a3 Rf8 39. f4 Rg8 40. Kg2
Nh6 41. Re1 Nf5 42. Re5 Nh4+ 43. Kh3 Nf3 44. Rxb5 Ng1+ 45. Kh4 Kf6 46. Rg5 Nf3+
47. Kg4 Nxg5 48. fxg5+ Rxg5+ 49. Kh4 Rf5 50. a4 Kg6 51. b5 Rf1 52. a5 h5 53. Kh3
Rf2 54. a6 Ra2 55. c4 Kg5 56. d5 Kf5 57. c5 Ke5 58. d6 c6 59. d7 Rd2 60. bxc6
Ke6 61. a7 Ra2 62. d8=Q Rxa7 63. c7 Ra8 64. c8=Q+ Rxc8 65. Qxc8+ 1-0

[Event "AUTO-ADV-4838"]
[Site "http://www.queenalice.com/game.php?id=1850056"]
[Date "2025.1.9"]
[Round "1"]
[White "hjs50667"]
[Black "Erlofabr"]
[Result "1-0"]
[WhiteElo "1807"]
[BlackElo "1660"]

1. e4 e5 2. Nc3 f5 3. exf5 d5 4. Qh5+ g6 5. fxg6 Nf6 6. Qxe5+ Be7 7. gxh7 Rxh7
8. d4 Nc6 9. Bb5 Ng4 10. Qxd5 Bd7 11. Qg8+ Bf8 12. Qxh7 Qf6 13. Nf3 Nxd4 14.
Qxd7# 1-0

[Event "AUTO-ADV-4838"]
[Site "http://www.queenalice.com/game.php?id=1850057"]
[Date "2025.1.9"]
[Round "1"]
[White "Erlofabr"]
[Black "hjs50667"]
[Result "0-1"]
[WhiteElo "1642"]
[BlackElo "1840"]

1. f4 d5 2. d4 Nf6 3. c4 dxc4 4. Nc3 c6 5. e4 b5 6. d5 b4 7. Na4 cxd5 8. e5 Ne4
9. b3 e6 10. bxc4 Qh4+ 11. g3 Nxg3 12. Nf3 Qh5 13. Rg1 Nxf1 14. Kxf1 Ba6 15. Rg5
Qh3+ 16. Rg2 Bxc4+ 17. Kf2 Qf5 18. Nc5 Bxc5+ 19. Kg3 h5 20. a3 Qg4# 0-1

[Event "AUTO-ADV-4838"]
[Site "http://www.queenalice.com/game.php?id=1850064"]
[Date "2025.1.9"]
[Round "1"]
[White "dimitridruloza2012"]
[Black "Erlofabr"]
[Result "1-0"]
[WhiteElo "1759"]
[BlackElo "1619"]

1. g3 e5 2. Bg2 f5 3. b3 d5 4. Bb2 d4 5. Na3 a6 6. Nc4 Nc6 7. Bxc6+ bxc6 8. e3
Bb4 9. Nxe5 Qd5 10. Nef3 Nf6 11. Bxd4 O-O 12. Nh3 f4 13. Nxf4 Bxd2+ 14. Kxd2
Ne4+ 15. Kc1 Nxf2 16. Qe2 Nxh1 17. Nxd5 cxd5 18. Qg2 Bg4 19. Qxh1 Bxf3 20. Qf1
Rac8 21. Qxa6 Be4 22. Qe6+ Kh8 23. Kb2 h6 24. Qd7 Rg8 25. Rf1 c5 26. Bxg7+ Rxg7
27. Qxc8+ Kh7 28. Qxc5 Bg2 29. Rf8 h5 30. Qc8 Kh6 31. Qe6+ Rg6 32. Qe7 Rg7 33.
Rh8+ Kg6 34. Qe6+ Kg5 35. Qh6+ Kg4 36. Qxg7+ Kf3 37. Qc3 Ke2 38. Qd3+ Ke1 39.
Rxh5 Be4 40. Qc3+ Kf2 41. Rh4 1-0

[Event "AUTO-ADV-4838"]
[Site "http://www.queenalice.com/game.php?id=1850065"]
[Date "2025.1.9"]
[Round "1"]
[White "Erlofabr"]
[Black "dimitridruloza2012"]
[Result "0-1"]
[WhiteElo "1609"]
[BlackElo "1783"]

1. d4 b6 2. c4 Bb7 3. Nc3 g6 4. e4 Bg7 5. e5 Nh6 6. d5 Bxe5 7. Bxh6 e6 8. Nf3
Bxc3+ 9. bxc3 Qf6 10. d6 Na6 11. Nd4 Qe5+ 12. Ne2 c6 13. Bf4 Qa5 14. Qd4 O-O-O
15. Be5 Rhg8 16. Bf6 c5 17. Qd3 Qa3 18. Qd2 Qa4 19. Rb1 Qxc4 20. Nf4 Qe4+ 21.
Be2 Qxb1+ 22. Bd1 g5 23. Nh3 Bxg2 24. Rg1 Bxh3 25. Bxg5 Qf5 26. f4 Qe4+ 27. Be2
h6 28. Rg3 Qh1+ 29. Kf2 Qxh2+ 30. Kf3 Qh1+ 31. Ke3 hxg5 32. Bf3 gxf4+ 33. Kxf4
Qf1 34. Qh2 Bf5 35. Ke3 Qd3+ 36. Kf2 Qxd6 37. Qg2 Qd2+ 38. Be2 Rxg3 39. Kxg3
Rg8+ 40. Kf3 Rxg2 41. Kxg2 Qxe2+ 0-1

[Event "AUTO-INT-3909"]
[Site "http://www.queenalice.com/game.php?id=1850090"]
[Date "2025.1.10"]
[Round "1"]
[White "Erlofabr"]
[Black "StepPhil"]
[Result "1/2-1/2"]
[WhiteElo "1611"]
[BlackElo "1388"]

1. f4 f5 2. c4 e6 3. d4 c6 4. Nc3 Bb4 5. Bd2 Ne7 6. d5 d6 7. e4 exd5 8. cxd5
cxd5 9. Qa4+ Nbc6 10. exd5 Bd7 11. dxc6 Nxc6 12. Bc4 Bc5 13. Bb3 Nd4 14. Qc4 Be6
15. Qa4+ Bd7 16. Qc4 Be6 17. Qa4+ Bd7 18. Qc4 1/2-1/2

[Event "AUTO-INT-3909"]
[Site "http://www.queenalice.com/game.php?id=1850091"]
[Date "2025.1.10"]
[Round "1"]
[White "StepPhil"]
[Black "Erlofabr"]
[Result "1-0"]
[WhiteElo "1564"]
[BlackElo "1579"]

1. e4 d6 2. Bc4 f5 3. Qf3 Nf6 4. d3 e6 5. Bg5 h6 6. Bh4 g5 7. Bg3 fxe4 8. dxe4
d5 9. Bd3 d4 10. Be5 g4 11. Qxf6 Rh7 12. Qxd8+ Kxd8 13. h3 g3 14. Bxg3 Bb4+ 15.
c3 dxc3 16. bxc3 Ba5 17. e5 Rd7 18. Kd2 Na6 19. Kc2 Nc5 20. Bh4+ Ke8 21. Bg6+
Kf8 22. Ne2 Rg7 23. Nf4 b5 24. Bd3 Rf7 25. Ng6+ Kg7 26. Bf6+ Kg8 27. Ne7+ Kf8
28. Ng6+ Ke8 29. Nh8 Rf8 30. Ng6 Rg8 31. Rd1 b4 32. Nf4 bxc3 33. Nxc3 Kf7 34. g4
Bd7 35. f3 Rab8 36. Bc4 Ba4+ 37. Nxa4 Nxa4 38. Rd7+ Ke8 39. Re7+ Kd8 40. Rg7+
Kc8 41. Rxg8+ Kb7 42. Rb1+ Bb6 43. Rxb8+ Kxb8 44. Nxe6 Kc8 45. Rd1 Be3 46. Rd8+
Kb7 47. Nd4 Nb6 48. e6 Nxc4 49. Kd3 Bxd4 50. Bxd4 Nd6 51. e7 Kc6 52. Rxd6+ cxd6
53. e8=Q+ Kc7 54. Bxa7 d5 55. Qe6 Kb7 56. Qb6+ Kc8 57. Qxh6 Kc7 58. Qf6 Kb7 59.
Qb6+ Kc8 60. g5 Kd7 61. Qf6 Kc7 62. g6 Kd7 63. g7 Kc7 64. g8=Q Kb7 65. Qgf7+ 1-0

[Event "AUTO-INT-3909"]
[Site "http://www.queenalice.com/game.php?id=1850092"]
[Date "2025.1.10"]
[Round "1"]
[White "Erlofabr"]
[Black "game"]
[Result "0-1"]
[WhiteElo "1634"]
[BlackElo "1466"]

1. d4 d5 2. c4 e6 3. Nc3 dxc4 4. e4 Nf6 5. e5 Nd5 6. Bxc4 Bb4 7. Qf3 Nc6 8. Bd2
Nxd4 9. Qe4 c5 10. Bxd5 exd5 11. Nxd5 Bf5 12. Nf6+ gxf6 13. Qxb7 Nc2+ 14. Ke2
Nxa1 15. Nf3 Nc2 16. Qc6+ Bd7 17. Qd5 Bb5+ 18. Kd1 Qxd5 19. Kxc2 Bxd2 20. Nxd2
Qxg2 21. Rc1 Rd8 22. Nb3 Qxf2+ 23. Kb1 Qe3 24. a3 Rb8 25. Nxc5 Rc8 26. Rc3 Qe1+
27. Rc1 Qd2 28. b4 fxe5 29. Rc2 Qd3 30. Nxd3 Bxd3 31. Kc1 Rxc2+ 32. Kd1 Rg8 0-1

[Event "AUTO-INT-3909"]
[Site "http://www.queenalice.com/game.php?id=1850093"]
[Date "2025.1.10"]
[Round "1"]
[White "game"]
[Black "Erlofabr"]
[Result "0-1"]
[WhiteElo "1486"]
[BlackElo "1650"]

1. e4 d6 2. Bc4 f5 3. d3 Nf6 4. exf5 Bxf5 5. Nf3 Nc6 6. Ng5 d5 7. Bb5 Qd6 8. Qf3
Bg4 9. Qe3 d4 10. Qd2 Qe5+ 11. Ne4 Nxe4 12. Bxc6+ bxc6 13. dxe4 Qxe4+ 14. Kf1
O-O-O 15. Qg5 Qe2+ 0-1

[Event "AUTO-INT-3909"]
[Site "http://www.queenalice.com/game.php?id=1850094"]
[Date "2025.1.10"]
[Round "1"]
[White "Erlofabr"]
[Black "nicholasmorassutti"]
[Result "1-0"]
[WhiteElo "1602"]
[BlackElo "1635"]

1. f4 d5 2. d4 e6 3. a3 Nf6 4. c4 Nc6 5. Nc3 dxc4 6. e4 Bd6 7. e5 Bxe5 8. fxe5
Nd5 9. Bxc4 O-O 10. Qg4 f6 11. Bh6 Rf7 12. Nf3 f5 13. Qg3 Kf8 14. Bg5 Qd7 15.
Nb5 Na5 16. Rc1 f4 17. Qh4 Ne3 18. Rg1 Nexc4 19. Qxh7 Rf5 20. Qh8+ Kf7 21. g4
fxg3 22. Qh5+ g6 23. Qh7+ Ke8 24. Qh8+ Rf8 25. Qh6 Qxb5 26. Qxg6+ Kd7 27. Qg7+
Kc6 28. Rxg3 Bd7 29. Nd2 Qxb2 30. Nxc4 Qf2+ 31. Kd1 Qf1+ 32. Kc2 Qf2+ 33. Kb1
Qxd4 34. Nxa5+ Kb5 35. Nb3 Qf2 36. Be3 Qxh2 37. Qxd7+ c6 38. Qxb7+ Ka4 39. Nc5+
Kxa3 40. Qb3# 1-0

[Event "AUTO-INT-3909"]
[Site "http://www.queenalice.com/game.php?id=1850095"]
[Date "2025.1.10"]
[Round "1"]
[White "nicholasmorassutti"]
[Black "Erlofabr"]
[Result "1-0"]
[WhiteElo "1626"]
[BlackElo "1659"]

1. e4 d6 2. d4 Nf6 3. d5 Nxe4 4. Qf3 Ng5 5. Bxg5 h6 6. Be3 c6 7. Bc4 Qa5+ 8. Bd2
Qa4 9. b3 Qxc4 10. bxc4 Nd7 11. dxc6 bxc6 12. Qxc6 Rb8 13. Ba5 Bb7 14. Qc7 e5
15. Nc3 Be7 16. Bb4 Bxg2 17. O-O-O Rxb4 18. f3 Nb6 19. Nd5 Rxc4 20. Qxe7# 1-0

[Event "AUTO-INT-3920"]
[Site "http://www.queenalice.com/game.php?id=1853248"]
[Date "2025.3.4"]
[Round "1"]
[White "Erlofabr"]
[Black "Yanni"]
[Result "1-0"]
[WhiteElo "1605"]
[BlackElo "1384"]

1. f4 e6 2. d4 Nc6 3. e4 Bb4+ 4. c3 Be7 5. d5 exd5 6. Qxd5 d6 7. Nf3 Be6 8. Qb5
a6 9. Qxb7 Bd7 10. e5 Rb8 11. Qxa6 dxe5 12. fxe5 Ra8 13. Qc4 Nh6 14. Bf4 Nf5 15.
g4 Nh6 16. h4 Nxg4 17. Bg5 f6 18. exf6 gxf6 19. Bf4 Ra5 20. b4 Rf5 21. Bh3 Nge5
22. Qe4 Nf7 23. Bxf5 Nd6 24. Bg6+ hxg6 25. Qxg6+ Nf7 26. Rg1 Be6 27. Qg7 Kd7 28.
Nbd2 Rg8 29. Qh7 Kc8 30. Rxg8 Bf5 31. Qxf5+ Kb7 32. Qb5+ Kc8 33. Qxc6 Bf8 34.
Rxf8 Qxf8 35. Qxc7# 1-0

[Event "AUTO-INT-3920"]
[Site "http://www.queenalice.com/game.php?id=1853249"]
[Date "2025.3.4"]
[Round "1"]
[White "Yanni"]
[Black "Erlofabr"]
[Result "0-1"]
[WhiteElo "1442"]
[BlackElo "1574"]

1. e4 e5 2. Nf3 Nc6 3. Bc4 f5 4. h3 fxe4 5. Ng1 Qg5 6. d3 Qxg2 7. dxe4 Bc5 8.
Qd5 Qxf2+ 9. Kd1 Nf6 10. Qf7+ Kd8 11. Ne2 Rf8 12. Qxg7 d5 13. Bd3 dxe4 14. Bxe4
Nxe4 15. Qh6 Qg2 16. Re1 Nf2+ 17. Kd2 Ne4+ 18. Kd1 Nf2+ 19. Kd2 Qd5+ 20. Kc3
Rf3+ 21. Be3 Bb4# 0-1

[Event "AUTO-INT-3920"]
[Site "http://www.queenalice.com/game.php?id=1853250"]
[Date "2025.3.4"]
[Round "1"]
[White "Erlofabr"]
[Black "juim"]
[Result "1-0"]
[WhiteElo "1585"]
[BlackElo "1691"]

1. d4 e5 2. dxe5 d6 3. f4 Bf5 4. c4 Nc6 5. Nc3 Be7 6. Nd5 dxe5 7. fxe5 Nxe5 8.
Bf4 Bd6 9. Qa4+ Bd7 10. Qb3 Ne7 11. Bg5 f6 12. Bf4 Nxd5 13. cxd5 b6 14. O-O-O
O-O 15. Qg3 Nc4 16. e3 Bc5 17. Bxc4 c6 18. Bh6 Qe7 19. d6+ Qf7 20. Bxf7+ Rxf7
21. Ne2 Be6 22. Nf4 Bxe3+ 23. Qxe3 Bxa2 24. Qg3 Bb3 25. Rd3 Rd8 26. Ne6 Bxe6 27.
Re1 Bc4 28. Rf3 f5 29. Rxf5 Rfd7 30. Re7 g6 31. Qe5 Rxe7 32. Qxe7 1-0

[Event "AUTO-INT-3920"]
[Site "http://www.queenalice.com/game.php?id=1853251"]
[Date "2025.3.4"]
[Round "1"]
[White "juim"]
[Black "Erlofabr"]
[Result "0-1"]
[WhiteElo "1663"]
[BlackElo "1591"]

1. e4 Nc6 2. d3 e5 3. Be3 f5 4. exf5 d5 5. Qg4 Nf6 6. Qf3 e4 7. dxe4 Nxe4 8. Nd2
Qf6 9. O-O-O Bxf5 10. Nxe4 dxe4 11. Qf4 Nb4 12. a3 Na2+ 13. Kb1 Bd6 14. Qg5 Qf7
15. Nh3 h6 16. Qh4 g5 17. Nxg5 Nc3+ 18. bxc3 Qf6 19. g3 hxg5 20. Bd4 Be5 21.
Bxe5 Qb6+ 22. Kc1 gxh4 23. gxh4 Rxh4 24. Bd4 c5 25. Be3 Qa5 26. Rd5 Qxa3+ 27.
Kd2 Be6 28. Re5 Rd8+ 29. Ke2 Kf7 30. f4 Bg4+ 31. Kf2 Bf3 32. Rf5+ Ke6 33. Kg1
Rg4+ 34. Kf2 Bxh1 35. Re5+ Kd7 36. Bh3 Rg8 37. Rg5 Bg2 38. Bxg4+ Ke7 39. Bxc5+
Qxc5+ 40. Rxc5 Rxg4 41. Rc7+ Kd6 42. Rf7 Bf3 43. Rf6+ Ke7 44. Rf5 Rg2+ 45. Kf1
e3 46. Re5+ Kf6 47. Ra5 e2+ 48. Ke1 Rg1+ 49. Kd2 e1=Q+ 50. Kd3 Qe4+ 0-1

[Event "AUTO-INT-3920"]
[Site "http://www.queenalice.com/game.php?id=1853252"]
[Date "2025.3.4"]
[Round "1"]
[White "Erlofabr"]
[Black "tche_elvio"]
[Result "0-1"]
[WhiteElo "1612"]
[BlackElo "1492"]

1. d4 g6 2. e4 Bg7 3. e5 e6 4. c4 Ne7 5. Bg5 O-O 6. Nc3 b6 7. c5 d5 8. h4 h5 9.
g4 Bb7 10. gxh5 bxc5 11. Bf6 Bxf6 12. exf6 Nf5 13. dxc5 Nc6 14. hxg6 fxg6 15. h5
Rxf6 16. h6 Kh7 17. Qg4 Ne5 18. Qf4 d4 19. Qxe5 dxc3 20. Rd1 Qe7 21. Nf3 Bxf3
22. Rh3 Bxd1 23. Kxd1 Rd8+ 24. Kc2 Rd2+ 25. Kxc3 Rd5 26. Qe4 Qxc5+ 27. Bc4 Qa5+
28. b4 Qa3+ 29. Bb3 Qc1+ 30. Bc2 Nd4 31. Rh1 Rf3+ 32. Kc4 Qxc2+ 33. Qxc2 Nxc2
34. a4 Rxf2 35. Rh3 Rd4+ 36. Kc5 Rf5+ 37. Kc6 Nxb4+ 38. Kxc7 Rc5+ 39. Kb7 Rd7+
40. Kb8 Na6+ 41. Ka8 Rc8# 0-1

[Event "AUTO-INT-3920"]
[Site "http://www.queenalice.com/game.php?id=1853253"]
[Date "2025.3.4"]
[Round "1"]
[White "tche_elvio"]
[Black "Erlofabr"]
[Result "0-1"]
[WhiteElo "1473"]
[BlackElo "1562"]

1. e4 e5 2. Nf3 Nc6 3. d4 f5 4. Be3 fxe4 5. Nxe5 Nxe5 6. dxe5 d5 7. exd6 Bxd6 8.
h3 Nf6 9. Be2 h6 10. O-O O-O 11. a3 Qe8 12. Bc4+ Kh8 13. b4 Qg6 14. Nd2 Bxh3 15.
g3 Bxg3 16. fxg3 Qxg3+ 17. Kh1 Qg2# 0-1

[Event "Challenge"]
[Site "http://www.queenalice.com/game.php?id=1855514"]
[Date "2025.4.13"]
[Round "-"]
[White "Mr_SPOCK"]
[Black "Erlofabr"]
[Result "1-0"]
[WhiteElo "1743"]
[BlackElo "1610"]

1. e4 e5 2. Qh5 Nf6 3. Qxe5+ Be7 4. Nc3 d6 5. Qg3 Nh5 6. Qf3 g6 7. Bc4 Bf6 8. g4
Ng7 9. g5 d5 10. Nxd5 Bxg5 11. d4 Ne6 12. Bxg5 Nxg5 13. Qf4 O-O 14. Nf6+ Kg7 15.
Qe5 h6 16. Nh5+ 1-0

[Event "AUTO-INT-3927"]
[Site "http://www.queenalice.com/game.php?id=1855581"]
[Date "2025.4.15"]
[Round "1"]
[White "NickThorp"]
[Black "Erlofabr"]
[Result "0-1"]
[WhiteElo "1530"]
[BlackElo "1599"]

1. e4 f5 2. exf5 d5 3. Bd3 e6 4. fxe6 Bxe6 5. Nf3 Bc5 6. O-O Nf6 7. Nc3 a6 8.
Ne5 O-O 9. Qf3 Qd6 10. Ng4 Nxg4 11. Qe2 Qxh2# 0-1